00375nam a2200157Ia 4500003000400000008004100004040001600045082001300061100002100074245003500095260004200130300000900172650000900181650001300190650001400203GCL140319s9999 xx 000 0 eng d aGCL / cGCL04a759bM V1 aMICHELETLI, EMMA10aVELAZQUEZ / cMICHELETLI, EMMA a[S.N] : bTHAMES AND HUDSON ، c1989 a79 P04aARTS04aPAINTING04aVELAZQUEZ